| 000 | 00664nam a2200217 i 4500 | ||
|---|---|---|---|
| 001 | 141666 | ||
| 003 | ES-MaACL | ||
| 005 | 20250831081912.0 | ||
| 007 | t| | ||
| 008 | 070926s1969 sp ||||1| spa d | ||
| 080 | _a396:28 | ||
| 100 | 1 |
_aVinay, Marie-Paule. _9115300 |
|
| 245 | 1 | 3 |
_aLa mujer y su corazón / _cMarie-Paule Vinay. |
| 260 |
_a[Zalla, Vizcaya] : _bEdic. Paulinas, _c[1969] |
||
| 300 |
_a181 p. ; _c18 cm. |
||
| 490 | 1 |
_aColección "Iglesia Doméstica" ; _v2 |
|
| 650 | 1 | 7 |
_aMujeres en el cristianismo _2embne _915332 |
| 830 | 0 | 0 |
_aIglesia doméstica _v2 _9218935 |
| 852 |
_aES-MaACL _jC-51500 _bR.72709 |
||
| 999 |
_c141666 _d141666 |
||